000
00298nam a22001337a 4500
008
190305b xxu||||| |||| 00| 0 eng d
020
_a
9780716776550
041
_a
eng
080
_2
4th
_a
159.9
100
_a
49
101
_a
PSI
245
_a
Disovering Psychology
_c
Hockenbury
942
_2
udc
_c
BK
999
_c
54477
_d
54477